000 00700nmm a2200289 a 4500
003 AR-BaBNM
005 20251128211713.0
008 225020s1985 ||||||||||||||000 | spa||
020 _a950-21-0492-7
040 _cAR-BaBNM
100 1 _aWast, Hugo
_d1883-1962
245 1 0 _aLa corbata celeste
250 _a2ยช ed.
260 _aBuenos Aires
_bPlus Ultra
_c1985
300 0 _a243 p.
650 4 _aLITERATURA ARGENTINA
650 4 _aHISTORIA ARGENTINA
650 4 _aROSAS Y SU TIEMPO
650 4 _aNACIONALISMO
650 4 _aNOVELAS
653 0 _aNARRATIVA
653 0 _aNOVELA ROMANTICA
653 0 _aNOVELA HISTORICA
655 _aLITERATURA
942 _cBK
998 _cmartin
999 _c20786
_d20786